000 00957nam0a22002651 4500
001 v19\rc\1905696
005 20260406223821.0
035 _a(NLR Aleph) 004994670
090 _a6322864
_c6322864
100 _a20080404d1911 u y0rusy50 ca
101 0 _arus
102 _aRU
105 _ay b |||||
200 1 _aКаталог Библиотеки Общества попечения о народном образовании в г. Красноуфимске и его уезде
210 _aПермь
_d1911
215 _a[3], 55 с.
_d25
710 0 2 _aОбщество попечения о народном образовании в г. Красноуфимске и его уезде
_bБ-ка
_3RU\NLR\AUTH\889979275
_9455005
801 0 _aRU
_bNLR
_gpsbo
801 0 _aRU
_bRuMoRGB
_2psbo
801 1 _aRU
_bProSoft-M
_2rusmarc
852 _aNLR
_bБ
_j9600/К.782
899 _aRuMoRGB
_jR 10/1038
899 _aБАН
942 _cBOOK
980 _aNB